[Event "Gibraltar Challengers op-B"]
[Site "Caleta"]
[Date "2020.01.25"]
[Round "1"]
[White "Gonzalvez Tamarit, Ivan"]
[Black "Kandic, Milan"]
[Result "0-1"]
[WhiteElo "1918"]
[BlackElo "2132"]
[PlyCount "86"]
[EventDate "2020.01.25"]
[EventType "swiss"]
[EventRounds "5"]
[EventCountry "GGB"]
[SourceTitle "CBM 194 Extra"]
[Source "ChessBase"]
[SourceDate "2020.03.31"]
[SourceVersion "1"]
[SourceVersionDate "2020.03.31"]
[SourceQuality "1"]

1. Nf3 d6 2. d4 Nf6 3. c4 c6 4. Nc3 Nbd7 5. g3 g6 6. Bg2 Bg7 7. 0-0 e5 8. e4 0-0 9. h3 Re8 10. Be3 Qc7 11. Rc1 b6 12. Re1 Bb7 13. b4 exd4 14. Nxd4 Rad8 15. f4 a6 16. Bf2 Nf8 17. Qb3 h5 18. b5 axb5 19. cxb5 c5 20. Nc6 Bxc6 21. bxc6 Re6 22. e5 dxe5 23. fxe5 Rxe5 24. Rxe5 Qxe5 25. Qxb6 Ne6 26. Re1 Qxc3 27. Rxe6 Rf8 28. Re7 Qa1+ 29. Kh2 Qxa2 30. Qxc5 h4 31. c7 hxg3+ 32. Bxg3 Rc8 33. Qc6 Kh7 34. Qb7 Nh5 35. Qxc8 Nxg3 36. Qg4 Nf5 37. c8Q Nxe7 38. Qh4+ Bh6 39. Qf8 Nf5 40. Qfd8 Nxh4 41. Qxh4 Qe6 42. Qf2 Qe5+ 43. Kg1 Be3 0-1

[Event "Sueca op 5th"]
[Site "Sueca"]
[Date "2019.07.27"]
[Round "8"]
[White "Balada Moreno, Jose Luis"]
[Black "Gonzalvez Tamarit, Ivan"]
[Result "0-1"]
[WhiteElo "2040"]
[BlackElo "1924"]
[PlyCount "46"]
[EventDate "2019.07.22"]
[EventType "swiss"]
[EventRounds "9"]
[EventCountry "ESP"]
[SourceTitle "EXT 2020"]
[Source "ChessBase"]
[SourceDate "2019.10.17"]
[SourceVersion "1"]
[SourceVersionDate "2019.10.17"]
[SourceQuality "1"]

1. e4 d5 2. exd5 Qxd5 3. Nc3 Qd6 4. Bc4 Nf6 5. h3 g6 6. Nf3 Bg7 7. d4 0-0 8. 0-0 a6 9. Be3 b5 10. Be2 Bb7 11. Qd2 Nbd7 12. Bf4 Qb6 13. a4 b4 14. Nd1 a5 15. Ne3 Ne4 16. Qc1 c5 17. Bb5 Bc6 18. Bxc6 Qxc6 19. d5 Qb7 20. Rd1 Rfd8 21. Nc4 Ndf6 22. d6 exd6 23. Bxd6 Qa6 0-1

[Event "La Roda op 46th"]
[Site "La Roda"]
[Date "2019.04.17"]
[Round "1"]
[White "Gonzalvez Tamarit, Ivan"]
[Black "Martinez Reyes, Pedro Ramon"]
[Result "0-1"]
[WhiteElo "1912"]
[BlackElo "2404"]
[PlyCount "64"]
[EventDate "2019.04.17"]
[EventType "swiss"]
[EventRounds "9"]
[EventCountry "ESP"]
[SourceTitle "CBM 189 Extra"]
[Source "ChessBase"]
[SourceDate "2019.05.31"]
[SourceVersion "1"]
[SourceVersionDate "2019.05.31"]
[SourceQuality "1"]

1. d4 Nf6 2. Nf3 c6 3. Bf4 Qb6 4. Qc1 d5 5. e3 Bf5 6. Be2 e6 7. 0-0 h6 8. h3 Nbd7 9. Nbd2 Be7 10. c4 a5 11. c5 Qa7 12. Qc3 0-0 13. Rfc1 Rfc8 14. b4 axb4 15. Qxb4 b6 16. Bd6 bxc5 17. dxc5 Bxd6 18. cxd6 c5 19. Qf4 Qb6 20. g4 Bg6 21. a4 c4 22. h4 h5 23. Ng5 hxg4 24. Bxg4 c3 25. Ndf3 Rc4 26. e4 Nxe4 27. Nxe4 Rxe4 28. Qg3 Nf6 29. Ne5 Qxd6 30. f4 Nxg4 31. Qxg4 Qxe5 32. Qxg6 Qd4+ 0-1

[Event "Mislata op 52nd"]
[Site "Mislata"]
[Date "2018.08.06"]
[Round "1"]
[White "Chernikov, Vladimir"]
[Black "Gonzalvez Tamarit, Ivan"]
[Result "1-0"]
[WhiteElo "2150"]
[BlackElo "1916"]
[PlyCount "127"]
[EventDate "2018.08.06"]
[EventType "swiss"]
[EventRounds "9"]
[EventCountry "ESP"]
[SourceTitle "CBM 185 Extra"]
[Source "ChessBase"]
[SourceDate "2018.07.29"]
[SourceVersion "1"]
[SourceVersionDate "2018.07.29"]
[SourceQuality "1"]

1. b3 Nf6 2. Bb2 g6 3. Bxf6 exf6 4. c4 Bg7 5. Nc3 c6 6. g3 Na6 7. Bg2 Nc7 8. e3 d6 9. Nge2 Be6 10. d4 d5 11. Qd3 Qd7 12. Nf4 h5 13. Nxe6 fxe6 14. Qxg6+ Qf7 15. Qxf7+ Kxf7 16. h4 f5 17. cxd5 exd5 18. Rc1 Rae8 19. 0-0 Rhg8 20. Bf3 Kg6 21. b4 f4 22. gxf4 Bf6 23. Kg2 Kh6+ 24. Kh3 a6 25. Ne2 Ne6 26. Ng3 Ng7 27. a4 Ra8 28. b5 axb5 29. axb5 Rgc8 30. bxc6 bxc6 31. Ra1 Kg6 32. Rxa8 Rxa8 33. Rc1 Ra6 34. Be2 Rb6 35. Bd3+ Kh6 36. Rb1 Rxb1 37. Bxb1 Be7 38. Ne2 Ne8 39. Bf5 c5 40. Bd7 Nc7 41. Bc6 cxd4 42. Nxd4 Bc5 43. Nb3 Be7 44. f3 Bd6 45. Kg3 Kg7 46. e4 dxe4 47. fxe4 Ne6 48. e5 Bc7 49. Bd5 Nf8 50. Nd4 Ba5 51. Nf3 Ng6 52. Be4 Bc7 53. Bxg6 Kxg6 54. Nd4 Ba5 55. f5+ Kf7 56. Kf4 Bd2+ 57. Ke4 Be1 58. Nf3 Ba5 59. Kd5 Bd8 60. Kd6 Be7+ 61. Kd7 Bc5 62. Ng5+ Kg8 63. e6 Kf8 64. f6 1-0

[Event "Valencia Region-ch Preferente"]
[Site "Valencia"]
[Date "2016.10.01"]
[Round "1"]
[White "Benitez Lopez, Julio"]
[Black "Gonzalvez Tamarit, Ivan"]
[Result "1/2-1/2"]
[WhiteElo "1841"]
[BlackElo "1982"]
[PlyCount "80"]
[EventDate "2016.10.01"]
[EventType "swiss"]
[EventRounds "7"]
[EventCountry "ESP"]
[SourceTitle "EXT 2024"]
[Source "ChessBase"]
[SourceDate "2023.10.10"]
[SourceVersion "1"]
[SourceVersionDate "2023.10.10"]
[SourceQuality "1"]

1. d4 Nf6 2. c4 e6 3. Nf3 Bb4+ 4. Nbd2 0-0 5. a3 Bxd2+ 6. Bxd2 d6 7. e3 Ne4 8. Bd3 Nxd2 9. Qxd2 Qe7 10. Qc2 f5 11. e4 Nd7 12. 0-0 fxe4 13. Bxe4 Nf6 14. Bd3 b6 15. Rfe1 h6 16. Qe2 g5 17. h3 Bd7 18. Bf5 Rae8 19. Bg6 Rd8 20. Bf5 Kf7 21. Qc2 c6 22. Re3 Rg8 23. Rae1 Rde8 24. Bxe6+ Bxe6 25. Rxe6 Qxe6 26. Rxe6 Rxe6 27. c5 bxc5 28. dxc5 Rge8 29. cxd6 Rxd6 30. Qc5 Rd1+ 31. Kh2 g4 32. Qc4+ Kg7 33. hxg4 Re4 34. Qc2 Rd5 35. Qxc6 Rxg4 36. Qc7+ Rd7 37. Qc3 Re4 38. b4 Rd5 39. Qc7+ Kg6 40. Qc2 Kg7 1/2-1/2

[Event "Quart de Poblet op 4th"]
[Site "Quart de Poblet"]
[Date "2016.09.03"]
[Round "5"]
[White "Gonzalvez Tamarit, Ivan"]
[Black "Gimenez Menchon, Cesar"]
[Result "0-1"]
[WhiteElo "1856"]
[BlackElo "2132"]
[PlyCount "68"]
[EventDate "2016.09.01"]
[EventType "swiss"]
[EventRounds "7"]
[EventCountry "ESP"]
[SourceTitle "EXT 2024"]
[Source "ChessBase"]
[SourceDate "2023.10.10"]
[SourceVersion "1"]
[SourceVersionDate "2023.10.10"]
[SourceQuality "1"]

1. d4 d5 2. c4 e6 3. Nc3 Be7 4. e4 dxe4 5. Nxe4 Nf6 6. Nxf6+ Bxf6 7. Nf3 c5 8. dxc5 Qxd1+ 9. Kxd1 Bd7 10. Rb1 a5 11. Bg5 Bxg5 12. Nxg5 Na6 13. Ne4 Bc6 14. Bd3 f5 15. Nc3 Bxg2 16. Rg1 Bf3+ 17. Be2 Bxe2+ 18. Kxe2 Kf7 19. a3 Nxc5 20. b4 axb4 21. axb4 Na4 22. Nb5 Rhd8 23. Rgc1 Nb6 24. c5 Ra2+ 25. Kf3 Rd3+ 26. Kg2 Nd5 27. Nd6+ Kf6 28. Nxb7 Nf4+ 29. Kh1 Nh3 30. Rf1 Nxf2+ 31. Rxf2 Rxf2 32. Rc1 Rdd2 33. b5 f4 34. c6 f3 0-1

[Event "Ibiza Summer op 4th"]
[Site "Ibiza"]
[Date "2016.06.25"]
[Round "2"]
[White "Gonzalvez Tamarit, Ivan"]
[Black "Ramirez Mari, Antonio"]
[Result "1-0"]
[WhiteElo "1885"]
[BlackElo "1625"]
[PlyCount "63"]
[EventDate "2016.06.24"]
[EventType "swiss"]
[EventRounds "6"]
[EventCountry "ESP"]
[SourceTitle "CBM 173 Extra"]
[Source "ChessBase"]
[SourceDate "2016.08.29"]
[SourceVersion "1"]
[SourceVersionDate "2016.08.29"]
[SourceQuality "1"]

1. d4 Nf6 2. c4 e6 3. Nc3 d5 4. e3 Nbd7 5. Nf3 c6 6. Bd3 Bd6 7. 0-0 0-0 8. e4 dxe4 9. Nxe4 Nxe4 10. Bxe4 Nf6 11. Bc2 b6 12. Bg5 Be7 13. Qd3 g6 14. Ne5 Bb7 15. Qf3 Rc8 16. Rad1 Ne8 17. Bh6 Ng7 18. Ba4 Qd6 19. Bf4 Nh5 20. Nxg6 Nxf4 21. Nxe7+ Qxe7 22. Qxf4 Kh8 23. Rfe1 Rg8 24. g3 Qg5 25. Qxf7 Rg7 26. Qxe6 b5 27. Bb3 Rf8 28. c5 Rgf7 29. Re2 Bc8 30. Qe5+ Qxe5 31. dxe5 Rf3 32. e6 1-0

[Event "Ibiza Summer op 4th"]
[Site "Ibiza"]
[Date "2016.06.24"]
[Round "1"]
[White "Hernandez Pena, Juan Ignacio"]
[Black "Gonzalvez Tamarit, Ivan"]
[Result "0-1"]
[WhiteElo "1476"]
[BlackElo "1885"]
[PlyCount "74"]
[EventDate "2016.06.24"]
[EventType "swiss"]
[EventRounds "6"]
[EventCountry "ESP"]
[SourceTitle "CBM 173 Extra"]
[Source "ChessBase"]
[SourceDate "2016.08.29"]
[SourceVersion "1"]
[SourceVersionDate "2016.08.29"]
[SourceQuality "1"]

1. e4 c5 2. Nf3 d6 3. c4 Nc6 4. Nc3 Nf6 5. Be2 e6 6. d3 Be7 7. Bd2 0-0 8. 0-0 a6 9. Bg5 Bd7 10. Qd2 Qc7 11. Rfe1 Rab8 12. Bd1 b5 13. a3 bxc4 14. dxc4 Na5 15. Qd3 Rxb2 16. Bc2 e5 17. Bxf6 Bxf6 18. Nd5 Qd8 19. Qc3 Rb8 20. Re3 Nc6 21. Qd3 Nd4 22. Nxf6+ Qxf6 23. Nxd4 cxd4 24. Rg3 Rfc8 25. Rf1 Be6 26. Rb1 Rxb1+ 27. Bxb1 Bxc4 28. Qc2 Be6 29. Qb2 Qd8 30. Bd3 Qa5 31. h3 g6 32. h4 Qe1+ 33. Kh2 Rc1 34. Rf3 Qh1+ 35. Kg3 Rg1 36. Qb8+ Kg7 37. Bf1 Qh3# 0-1

[Event "Alzira Christmas 5th"]
[Site "Alzira"]
[Date "2015.12.29"]
[Round "4.7"]
[White "Reig Albero, Ferran"]
[Black "Gonzalvez Tamarit, Ivan"]
[Result "1/2-1/2"]
[WhiteElo "2030"]
[BlackElo "1774"]
[PlyCount "42"]
[EventDate "2015.12.28"]
[EventType "swiss"]
[EventRounds "7"]
[EventCountry "ESP"]
[SourceTitle "EXT 2024"]
[Source "ChessBase"]
[SourceDate "2023.10.10"]
[SourceVersion "1"]
[SourceVersionDate "2023.10.10"]
[SourceQuality "1"]

1. e4 c6 2. Nc3 d5 3. Nf3 Bg4 4. d4 dxe4 5. Nxe4 Nd7 6. Bc4 e6 7. h3 Bf5 8. Qe2 Bxe4 9. Qxe4 Ngf6 10. Qe2 Qc7 11. Bd2 Bd6 12. 0-0-0 0-0-0 13. Rhe1 Nd5 14. g3 Kb8 15. Ne5 Nxe5 16. dxe5 Bb4 17. Bxb4 Nxb4 18. f4 Rxd1+ 19. Rxd1 Rd8 20. a3 Rxd1+ 21. Qxd1 Nd5 1/2-1/2

[Event "Alzira Christmas 5th"]
[Site "Alzira"]
[Date "2015.12.28"]
[Round "2.10"]
[White "Penades Ordaz, Victor"]
[Black "Gonzalvez Tamarit, Ivan"]
[Result "1-0"]
[WhiteElo "2018"]
[BlackElo "1774"]
[PlyCount "69"]
[EventDate "2015.12.28"]
[EventType "swiss"]
[EventRounds "7"]
[EventCountry "ESP"]
[SourceTitle "EXT 2024"]
[Source "ChessBase"]
[SourceDate "2023.10.10"]
[SourceVersion "1"]
[SourceVersionDate "2023.10.10"]
[SourceQuality "1"]

1. e4 c6 2. d4 d5 3. exd5 cxd5 4. Bf4 Nf6 5. c3 e6 6. Nf3 Bd6 7. Bg3 Nc6 8. Bd3 a6 9. Nbd2 Qc7 10. Qe2 Nh5 11. Bxd6 Qxd6 12. g3 Nf6 13. Ne5 Nd7 14. f4 b5 15. a3 Na5 16. b4 Nc4 17. Nb3 f5 18. Qh5+ Ke7 19. Qf7+ Kd8 20. Qxg7 Rf8 21. Nf7+ Rxf7 22. Qxf7 Qe7 23. Qxe7+ Kxe7 24. Ke2 Nf6 25. Nc5 Nd7 26. a4 Nxc5 27. bxc5 Bb7 28. Bxc4 bxc4 29. Rhb1 Bc6 30. Rb6 Kd7 31. a5 Bb5 32. Rb7+ Kc6 33. Rxh7 Rg8 34. Kf2 Rg6 35. h4 1-0

[Event "Benidorm New Generation U18 11th"]
[Site "Benidorm"]
[Date "2015.12.06"]
[Round "4.3"]
[White "Orteu Capdevila, Max"]
[Black "Gonzalvez Tamarit, Ivan"]
[Result "1-0"]
[WhiteElo "1965"]
[BlackElo "1774"]
[PlyCount "43"]
[EventDate "2015.12.04"]
[EventType "swiss"]
[EventRounds "7"]
[EventCountry "ESP"]
[SourceTitle "EXT 2024"]
[Source "ChessBase"]
[SourceDate "2023.10.10"]
[SourceVersion "1"]
[SourceVersionDate "2023.10.10"]
[SourceQuality "1"]

1. e4 c6 2. Nc3 d5 3. Nf3 Bg4 4. h3 Bh5 5. exd5 cxd5 6. Bb5+ Nc6 7. g4 Bg6 8. Ne5 Qd6 9. d4 0-0-0 10. Bxc6 bxc6 11. Qe2 Kb7 12. Bf4 Qb4 13. a3 Qb6 14. a4 a5 15. Ra3 e6 16. Rb3 Bb4 17. 0-0 c5 18. dxc5 Qxc5 19. Na2 Qxc2 20. Qb5+ Ka8 21. Qa6+ Kb8 22. Nc6# 1-0

[Event "Xativa Murta op 1st"]
[Site "Xativa"]
[Date "2015.08.27"]
[Round "5"]
[White "Gonzalvez Tamarit, Ivan"]
[Black "Crespo Calatayud, Santiago"]
[Result "0-1"]
[WhiteElo "1750"]
[BlackElo "1835"]
[PlyCount "64"]
[EventDate "2015.08.25"]
[EventType "swiss"]
[EventRounds "9"]
[EventCountry "ESP"]
[SourceTitle "EXT 2016"]
[Source "ChessBase"]
[SourceDate "2015.10.08"]
[SourceVersion "1"]
[SourceVersionDate "2015.10.08"]
[SourceQuality "1"]

1. d4 Nf6 2. c4 c5 3. d5 b5 4. f3 e6 5. e4 exd5 6. cxd5 a6 7. a4 b4 8. d6 Nc6 9. b3 g6 10. Bb2 Bg7 11. e5 Nh5 12. Qd5 Qh4+ 13. Kd1 Qf2 14. Bc4 0-0 15. Qd2 Qh4 16. g4 Nxe5 17. Bd5 Rb8 18. gxh5 Qxh5 19. Bxe5 Bxe5 20. Ra2 Bxd6 21. Bxf7+ Rxf7 22. Qxd6 Ra8 23. Re2 Bb7 24. Nd2 Raf8 25. Qe5 Rf5 26. Qe7 Rd5 27. Kc2 Bc6 28. Ne4 Qf5 29. Kc1 Rf7 30. Qd8+ Kg7 31. Qh4 Qe5 32. Nc3 Qxc3+ 0-1

[Event "Provincial-ch Valencia Primera"]
[Site "Valencia"]
[Date "2014.11.08"]
[Round "5.6"]
[White "Gonzalvez Tamarit, Ivan"]
[Black "Abbas, Khalid Abel Halim"]
[Result "1-0"]
[WhiteElo "1876"]
[BlackElo "1702"]
[PlyCount "95"]
[EventDate "2014.09.27"]
[EventType "swiss"]
[EventRounds "7"]
[EventCountry "ESP"]
[SourceTitle "EXT 2024"]
[Source "ChessBase"]
[SourceDate "2023.10.10"]
[SourceVersion "1"]
[SourceVersionDate "2023.10.10"]
[SourceQuality "1"]

1. d4 Nf6 2. c4 e6 3. Nc3 d5 4. e3 c6 5. Nf3 Be7 6. Bd3 0-0 7. 0-0 Nbd7 8. Qe2 dxc4 9. Bxc4 b5 10. Bd3 a6 11. Rd1 Qc7 12. a3 c5 13. dxc5 Nxc5 14. Bc2 Bb7 15. b4 Nce4 16. Nxe4 Nxe4 17. Bb2 Nc3 18. Qd3 Be4 19. Qxc3 Qxc3 20. Bxc3 Bxc2 21. Rd7 Rfe8 22. Rc1 Be4 23. Be5 f6 24. Bd4 Rac8 25. Rcc7 Rxc7 26. Rxc7 Kf8 27. Nd2 Bg6 28. Nb3 Rd8 29. h3 Ra8 30. Bc5 Bxc5 31. Nxc5 Bf7 32. Rc6 a5 33. Nxe6+ Bxe6 34. Rxe6 Kf7 35. Rb6 axb4 36. axb4 Ra1+ 37. Kh2 g5 38. Rxb5 Rb1 39. Rb6 h5 40. Kg3 Rb2 41. b5 Kg6 42. Kf3 Kf5 43. g4+ hxg4+ 44. hxg4+ Ke5 45. Rb8 Rb1 46. b6 Kd6 47. b7 Ke7 48. Rh8 1-0

[Event "Provincial-ch Valencia Primera"]
[Site "Valencia"]
[Date "2014.10.25"]
[Round "4.2"]
[White "Fuset Torralba, Jose Luis"]
[Black "Gonzalvez Tamarit, Ivan"]
[Result "1-0"]
[WhiteElo "1727"]
[BlackElo "1876"]
[PlyCount "103"]
[EventDate "2014.09.27"]
[EventType "swiss"]
[EventRounds "7"]
[EventCountry "ESP"]
[SourceTitle "EXT 2024"]
[Source "ChessBase"]
[SourceDate "2023.10.10"]
[SourceVersion "1"]
[SourceVersionDate "2023.10.10"]
[SourceQuality "1"]

1. c4 Nf6 2. g3 e6 3. Bg2 c5 4. Nf3 Be7 5. 0-0 0-0 6. Nc3 Nc6 7. d4 cxd4 8. Nxd4 a6 9. h3 Qc7 10. Be3 d6 11. Rc1 Bd7 12. Nd5 Qd8 13. Nxe7+ Qxe7 14. Nb3 Rab8 15. Qd2 Rfc8 16. f4 b5 17. cxb5 Rxb5 18. Rfd1 d5 19. Bc5 Qd8 20. e4 dxe4 21. Bf1 Rbb8 22. Bxa6 Rc7 23. Bd6 Nd5 24. Bc4 Nf6 25. Nc5 e3 26. Qxe3 Rxb2 27. Bxc7 Qxc7 28. Nxd7 Nxd7 29. Bb3 Qb7 30. Rd2 Rxd2 31. Qxd2 Qb6+ 32. Qf2 Qb5 33. Rd1 Nf6 34. Re1 g6 35. Kh2 Ne7 36. g4 Ned5 37. g5 Nh5 38. Bxd5 Qxd5 39. Re2 Qd6 40. Rd2 Qc7 41. Qd4 Nxf4 42. Qd8+ Qxd8 43. Rxd8+ Kg7 44. a4 Nd5 45. Rxd5 exd5 46. a5 d4 47. Kg3 f5 48. a6 d3 49. Kf3 f4 50. a7 d2 51. Ke2 f3+ 52. Kxd2 1-0

[Event "Provincial-ch Montserrat Primera"]
[Site "Montserrat"]
[Date "2012.11.10"]
[Round "5"]
[White "Gonzalvez Tamarit, Ivan"]
[Black "Garcia Herrero, Sergio"]
[Result "0-1"]
[WhiteElo "1591"]
[BlackElo "1875"]
[PlyCount "46"]
[EventDate "2012.10.06"]
[EventType "tourn"]
[EventRounds "7"]
[EventCountry "ESP"]
[SourceTitle "EXT 2024"]
[Source "ChessBase"]
[SourceDate "2023.10.10"]
[SourceVersion "1"]
[SourceVersionDate "2023.10.10"]
[SourceQuality "1"]

1. d4 f5 2. c4 Nf6 3. Nc3 g6 4. Nf3 Bg7 5. Bf4 d6 6. e3 0-0 7. Bd3 Nbd7 8. 0-0 Qe8 9. e4 fxe4 10. Ng5 exd3 11. Ne6 Nh5 12. Nxf8 Nxf4 13. Nxd7 Bxd7 14. g3 Nh3+ 15. Kg2 Bxd4 16. Qxd3 c5 17. Qf3 Bc6 18. Nd5 Qd7 19. Rab1 Ng5 20. Qf4 h6 21. h4 Rf8 22. Qd2 Qh3+ 23. Kg1 Nf3# 0-1

[Event "Provincial-ch Montserrat Primera"]
[Site "Montserrat"]
[Date "2012.10.27"]
[Round "3"]
[White "Gonzalvez Tamarit, Ivan"]
[Black "Fernandez Garcia, Leon"]
[Result "1-0"]
[WhiteElo "1591"]
[BlackElo "1590"]
[PlyCount "69"]
[EventDate "2012.10.06"]
[EventType "tourn"]
[EventRounds "7"]
[EventCountry "ESP"]
[SourceTitle "EXT 2024"]
[Source "ChessBase"]
[SourceDate "2023.10.10"]
[SourceVersion "1"]
[SourceVersionDate "2023.10.10"]
[SourceQuality "1"]

1. d4 c5 2. Nf3 cxd4 3. Nxd4 Nc6 4. Nb3 g6 5. Bf4 Bg7 6. c3 Nf6 7. N1d2 0-0 8. e3 d5 9. Nf3 Bg4 10. Be2 Qc8 11. 0-0 Rd8 12. Nbd4 Nh5 13. Bg3 Nxg3 14. hxg3 e5 15. Nxc6 bxc6 16. Nd2 Bxe2 17. Qxe2 d4 18. cxd4 exd4 19. exd4 Rxd4 20. Nf3 Rd6 21. Rfd1 Rxd1+ 22. Rxd1 Qe8 23. Qc2 Rb8 24. b3 Rc8 25. Rc1 Bh6 26. Re1 Qd8 27. Rd1 Qa5 28. Nd2 Rd8 29. Nc4 Rxd1+ 30. Qxd1 Qxa2 31. Ne5 c5 32. Qd5 Qb1+ 33. Kh2 Qf5 34. Qxc5 Bg7 35. f4 1-0

[Event "Provincial-ch Montserrat Primera"]
[Site "Montserrat"]
[Date "2012.10.06"]
[Round "1"]
[White "Garcia Sancho, Josep"]
[Black "Gonzalvez Tamarit, Ivan"]
[Result "1-0"]
[WhiteElo "1640"]
[BlackElo "1591"]
[PlyCount "99"]
[EventDate "2012.10.06"]
[EventType "tourn"]
[EventRounds "7"]
[EventCountry "ESP"]
[SourceTitle "EXT 2024"]
[Source "ChessBase"]
[SourceDate "2023.10.10"]
[SourceVersion "1"]
[SourceVersionDate "2023.10.10"]
[SourceQuality "1"]

1. d4 d5 2. c4 c6 3. Nf3 Nf6 4. Nc3 a6 5. g3 b5 6. cxd5 cxd5 7. Bg2 Bf5 8. 0-0 e6 9. Nh4 Bg6 10. Nxg6 hxg6 11. b3 Be7 12. Bb2 0-0 13. Rc1 Nbd7 14. e3 Nb6 15. Qe2 Qd7 16. Nb1 Rfc8 17. Nd2 Rxc1 18. Rxc1 Rc8 19. Rxc8+ Qxc8 20. Nf3 Ne4 21. Ne5 Nc3 22. Qf3 Bf6 23. Bxc3 Qxc3 24. Ng4 Be7 25. Qe2 Bb4 26. h3 Qe1+ 27. Qxe1 Bxe1 28. Ne5 a5 29. Bf1 b4 30. Bb5 Nc8 31. Kf1 Na7 32. Be8 Kf8 33. Bxf7 Bd2 34. Bxe6 Nb5 35. Nxg6+ Ke8 36. Bxd5 Nc3 37. Bf3 Nxa2 38. Bd5 Nc1 39. Bc4 Kd8 40. h4 a4 41. bxa4 b3 42. Be6 b2 43. Bf5 Na2 44. g4 Nc3 45. h5 b1Q+ 46. Bxb1 Nxb1 47. g5 Ke8 48. h6 gxh6 49. gxh6 Kf7 50. h7 1-0